1313 1815 1904 1608 1507 1918 1804 1232 1493 1065 1275 1126 1602 1401 1166 1749 1603 1167 1796 1547 1863 1203 1756 1815 1593 1818 1623 1877 1924 1281 1533 1569 1594 1641 1512 1692 1654 1040 1330 1660 1736 1791 1421 1583 1945 1434 1895 1613 1740 1879 1442 1627 1464 1507 1522 1717 1643 1616 1174 1408 1063 1597 1846 1448 1463 1838 1896 1001 1131 1153 1674 1912 1378 1380 1727 1672 1630 1750 1477 1060 1523 1846 1362 1778 1355 1147 1803 1346 1587 1734 1515 1105 1673 1620 1051 1090 1579 1994 1783 BCNSPRNW ULIB Ver.6.0+V

เปลี่ยนเป็นภาษาไทย

Change to English
 แสดงรายละเอียดบรรณานุกรม
  กลับหน้าหลัก

Brief Record : Get Marc (ISO 2709) : E-mail record : QR code < ปิดหน้าต่าง
LEADER : 00000nam 2200000uu 4500
001    13399114999
003     ULIB
008    120627s2552||||th 000 0 tha d
020    ^a9786110600064
090    ^aนว.^bA111จ 2552
100 0  ^aAndra
245 00 ^aหนึ่งจันทร์กลางใจ/^cAndra
250    ^aพิมพ์ครั้งที่ 2
260    ^aกรุงเทพฯ :^cแจ่มใส,^c2552
300    ^a359 หน้า
945    ^p15771^l0^i15771
995    ^aกัณชพร
999    ^aใช้งานได้ทุกระบบ
รายการนี้ยังไม่มีแท็ก
คุณยังไม่ได้ล็อกอิน คุณสามารถมีกิจกรรมร่วมกับเว็บไซต์ได้ แต่ต้องล็อกอินก่อน ::
  ล็อกอิน

รายการสื่อสารสนเทศ

ลำดับที่ ประเภท เลขเรียก/บาร์โค้ด สถานที่ สถานะ
1. นวนิยาย
นวนิยาย
นว. A111จ 2552  
  Barcode: 15771
ห้องสมุดวิทยาเขตสวรรค์ประชารักษ์
►นวนิยาย
บนชั้น
  ขอยืม

รายการใกล้เคียง
    ผู้แต่ง [Andra]

BibComment


ยังไม่เคยถูกคอมเมนท์

คอมเมนท์ทรัพยากรรายการนี้
  คอมเมนท์: หนึ่งจันทร์กลางใ..


 Copyright 2026. Bcnsprnw @Library